Score 0/28 Timer 08:00
5 Plays Today
% Correct
Batman & Robin
94.7%
The Lord of the Rings: The Fellowship of the Ring
94.1%
Pulp Fiction
90.7%
Saving Private Ryan
88.7%
Ghostbusters
88.3%
The Shawshank Redemption
88.3%
Good Will Hunting
86.6%
Forrest Gump
86.2%
The Usual Suspects
85.8%
One Flew Over the Cuckoo's Nest
83.1%
Schindler's List
81.7%
American Psycho
79.9%
Gravity
79.8%
The Matrix
79%
% Correct
The Princess Bride
78.1%
The Social Network
77.7%
A Beautiful Mind
76.7%
Inception
75.6%
Spirited Away
74.2%
Her
72.2%
The Wolf of Wall Street
68.4%
WALL-E
66.6%
X-Men: Days of Future Past
66.1%
Django Unchained
65.3%
Se7en
51%
The King's Speech
50.2%
Fight Club
46.4%
Rain Man
42.6%

You're not logged in!

Compare scores with friends on all Sporcle quizzes.
OR
Log In

Sporcle TV

Today on Sporcle TV


Watch our educational content, quiz creation guides, and fun videos on Sporcle TV.

Show Comments

Extras

Top Quizzes Today


Score Distribution

Paid Content

Your Account Isn't Verified!

In order to create a playlist on Sporcle, you need to verify the email address you used during registration. Go to your Sporcle Settings to finish the process.

Report this User

Report this user for behavior that violates our Community Guidelines.

Details: